01592nam a2200337 450000100040000000500170000400600040002100700040002500800040002901000170003302000150005004000190006505000230008408200170010724501910012426001660031530000340048150000620051550001570057750400390073465000650077365000330083865000330087165000330090470000200093770000260095771000440098371000670102771000490109471101110114300020170718094556.0000000000 a 86003897  a9027722420 aUOELcDLCdDLC00aTD427.O7bO75 198600a628.1/6821900aOrganic micropollutants in the aquatic environment :bproceedings of the fourth European symposium held in Vienna Austria, October 22-24, 1985 /cedited by A. Bjørseth and G. Angeletti. aDordrecht, Holland ;aBoston :bD. Reidel Pub. Co. ;aHingham, MA, U.S.A. :bSold and distributed in the U.S.A. and Canada by Kluwer Academic Publishers,cc1986. axii, 512 p. :bill. ;c24 cm. aAt head of title: Commission of the European Communities. aBased on papers given at the Fourth European Symposium on Organic Micropollutants in the Aquatic Environment, held Oct. 22-24, 1985, in Vienna, Austria. aIncludes bibliographies and index. 0aOrganic water pollutantsxEnvironmental aspectsxCongresses. 0aAquatic ecologyxCongresses. 0aWaterxAnalysisxCongresses. 0aWater chemistryxCongresses.1 aBjørseth, Alf.1 aAngeletti, G.,d1943-2 aCommission of the European Communities.1 aAustria.bBundesministerium für Gesundheit und Umweltschutz.2 aÖsterreichischer Wasserwirtschaftsverband.2 aEuropean Symposium on Organic Micropollutants in the Aquatic Environmentn(4th :d1985 :cVienna, Austria)